<?xml version="1.0" encoding="UTF-8"?>
<collection xmlns="http://www.loc.gov/MARC21/slim">
 <record>
  <leader>02225nam a2200193Ia 4500</leader>
  <controlfield tag="001">TDMU_38184</controlfield>
  <controlfield tag="008">210410s9999    xx            000 0 und d</controlfield>
  <datafield tag="082" ind1=" " ind2=" ">
   <subfield code="a">248.4</subfield>
  </datafield>
  <datafield tag="100" ind1=" " ind2=" ">
   <subfield code="a">Seteroff, Sviatoslav Steve</subfield>
  </datafield>
  <datafield tag="245" ind1=" " ind2="4">
   <subfield code="a">The Family in Business</subfield>
  </datafield>
  <datafield tag="245" ind1=" " ind2="4">
   <subfield code="b">The Dynamics of the Family Owned Firm</subfield>
  </datafield>
  <datafield tag="245" ind1=" " ind2="0">
   <subfield code="c">Sviatoslav Steve Seteroff</subfield>
  </datafield>
  <datafield tag="260" ind1=" " ind2=" ">
   <subfield code="b">Business Expert Press</subfield>
  </datafield>
  <datafield tag="260" ind1=" " ind2=" ">
   <subfield code="c">2011</subfield>
  </datafield>
  <datafield tag="300" ind1=" " ind2=" ">
   <subfield code="a">160Pages</subfield>
  </datafield>
  <datafield tag="520" ind1=" " ind2=" ">
   <subfield code="a">Ebook from IG Library ; Family-owned businesses (FOBs) are a breed unto themselves. Though they share many features in common with other business models, they possess unique traits that clearly differentiate them. Similarly, though consultation to FOBs is in many respects what other businesses experience when seeking assistance, those features that set FOB consultation apart are so distinctive that failure to honor and understand them can (and does) too often lead to disaster. The needs of those family members seeking consultation share a portrait in some ways similar to those in non-FOBs, but in a majority of situations are so distinctive and potentially explosive that disaster lurks on the edges, ready to appear if not respected. The audience for this book is both consultants to FOBs and family members who are looking for such assistance. Both require knowledge of each other's spheres of experience and perspective for effective consultation to occur - for the consultant, an awareness of family dynamics as intertwined with family business; for family members, a clarification of what can be expected and delivered. In addition to the interface between family dynamics and the family's business, we will explore the key tasks in FOB consultation: succession planning, selection of the successor, conflict resolution, defining the role of family members in the business, how to involve the management team in succession planning, determining what happens after succession and building a board of advisors.</subfield>
  </datafield>
  <datafield tag="650" ind1=" " ind2=" ">
   <subfield code="a">Strategic Management; Quản trị chiến lược; Hoạch định chiến lược</subfield>
   <subfield code="x">Doanh nghiệp nhỏ</subfield>
  </datafield>
  <datafield tag="856" ind1=" " ind2=" ">
   <subfield code="u">http://lrc.tdmu.edu.vn/opac/search/detail.asp?aID=2&amp;ID=38184</subfield>
  </datafield>
  <datafield tag="980" ind1=" " ind2=" ">
   <subfield code="a">Trung tâm Học liệu Trường Đại học Thủ Dầu Một</subfield>
  </datafield>
 </record>
</collection>
